Ciencia y Tecnica (Registro nro. 12469)

Detalles MARC
000 -LEADER
longitud fija campo de control 01824nab a22004577a 4500
003 - IDENTIFICADOR DE NUMERO DE CONTROL
control del campo AR-RoUNA
022 ## - ISSN
ISSN 03282384
040 ## - ORIGEN DE LA CATALOGACION
Agencia que cataloga la obra original AR-RoUNA
Idioma en que se cataloga spa
041 ## - CODIGO DE IDIOMA
Codigo de idioma del texto / sonido o titulo separado spa
Codigo de idioma de la traduccion original y / o intermedios de texto spa
044 ## - CODIGO DE PAIS / ENTIDAD PRODUCTORA
Codigo MARC del pais ag
110 ## - ASIENTO PRINCIPAL - AUTOR INSTITUCIONAL
9 (RLIN) 8413
Nombre corporativo o de jurisdiccion como elemento de entrada Secretaria de Ciencia y Técnica.
Unidad subordinada Boletín de la Secretaria
245 ## - TITULO PROPIAMENTE DICHO
Titulo Ciencia y Tecnica
Medio Nº 6
Subtitulo Boletín de la Secretaría
260 ## - EDITORIAL - PUBLICACION, DISTRIBUCION, ETC. (Pie de imprenta)
Lugar de publicacion, distribucion, etc Buenos Aires :
Nombre del editor, distribuidor, etc UP,
Fecha de publicacion 1994
300 ## - DESCRIPCION FISICA
Extension 59 p. :
Otros detalles fisicos plantas,
-- fot. byn.,
Dimensiones 26x 20 cm
505 ## - NOTA DE CONTENIDO CON FORMATO
Título INDICE
505 ## - NOTA DE CONTENIDO CON FORMATO
Título PANORAMA
505 ## - NOTA DE CONTENIDO CON FORMATO
Título principal Mensaje Presidencial del 1ero. de Mayo: El papel de la Ciencia y la tecnología. p. 4
505 ## - NOTA DE CONTENIDO CON FORMATO
Título PROGRAMAS NACIONALES
505 ## - NOTA DE CONTENIDO CON FORMATO
Título principal Programa Nacional de Investigación en Recursos Naturales Renovables. p. 7
505 ## - NOTA DE CONTENIDO CON FORMATO
Título CONICET
505 ## - NOTA DE CONTENIDO CON FORMATO
Título principal La vista de César Milstein. p. 12
505 ## - NOTA DE CONTENIDO CON FORMATO
Título principal Facultad de Matemáticas, Astronomía y Física. FAMAF. p. 14
505 ## - NOTA DE CONTENIDO CON FORMATO
Título principal Observatorio Astronómico de Córdoba. p. 16
505 ## - NOTA DE CONTENIDO CON FORMATO
Título principal En memoria de Alfredo Lanari. p. 18
505 ## - NOTA DE CONTENIDO CON FORMATO
Título COORDINACIÓN Y PLANIFICACIÓN
505 ## - NOTA DE CONTENIDO CON FORMATO
Título principal Consejo Interinstitucional de Ciencia y Técnica (CICYT). p. 20
505 ## - NOTA DE CONTENIDO CON FORMATO
Título principal Proyectos de investigación y desarrollo y Región Patagónica. p. 22
505 ## - NOTA DE CONTENIDO CON FORMATO
Título INFORMÁTICA
505 ## - NOTA DE CONTENIDO CON FORMATO
Título principal Las computadoras en la educación. p. 23
505 ## - NOTA DE CONTENIDO CON FORMATO
Título principal Asamblea del Consejo Federal de Informática. p. 25
505 ## - NOTA DE CONTENIDO CON FORMATO
Título principal Investigación y Desarrollo. p. 25
505 ## - NOTA DE CONTENIDO CON FORMATO
Título principal Fundación para la informática. p.27
650 ## - MATERIA - TERMINO TEMATICO
Término tematico general Arquitectura
9 (RLIN) 11395
650 ## - MATERIA - TERMINO TEMATICO
Término tematico general Ciencia
9 (RLIN) 11396
773 0# - ENTRADA DEL ITEM MAYOR
Entrada principal Boletín de la Secretaría: Ciencia y Técnica
Lugar, editorial y fecha de la publicación Buenos Aires, Aller Atucha y Asociados. 1988
Vol. - nro. (mes-año), pág. nro.9 (jun-1985), 59 p
ISSN 03265773
856 ## - LOCALIZACION ELECTRONICA Y ACCESO
Identificador uniforme de recursos <a href="www.secyt.unlu.edu.ar">www.secyt.unlu.edu.ar</a>
908 ## - SOPORTE
Soporte Imp
942 ## - FUENTE DE CLASIFICACION
Clasificacion Universal Decimal Classification
Tipo de item Analítica
945 ## - INFORMACION DE PROCESAMIENTO
Codigo del operador MBP
Fecha de ingreso o modificacion 2018-06-12
980 ## - EQUIVALENCE OR CROSS-REFERENCE-SERIES STATEMENT--PERSONAL NAME/TITLE [LOCAL, CANADA]
Field link and sequence number 1
Miscellaneous information Maricel Allasia
Linkage 1
Personal name Maricel Allasia

No hay ítems disponibles.